La bonorum venditio: estudio sobre el concurso de acreedores en derecho romano clásico

Salvato in:
Dettagli Bibliografici
Autore principale: Pérez Alvarez, María del Pilar (Autore)
Natura: Libro
Lingua:spagnolo
Pubblicazione: Madrid Universidad Autónoma de Madrid 2000
Soggetti:
Tags: Aggiungi Tag
Nessun Tag, puoi essere il primo ad aggiungerne!!

MARC

LEADER 00000nam a2200000 a 4500
001 UCO8883
003 CL-VaPUC
008 010105e20000000SP |||||||||||||||||spa|d
082 0 4 |a 340.54  |b PER  |2 21 
100 0 |a Pérez Alvarez, María del Pilar  |e author  |9 453779 
245 1 3 |a La bonorum venditio: estudio sobre el concurso de acreedores en derecho romano clásico 
300 |a 439 p 
942 |c BK 
945 |d 20010105 00:00:00  |a vberengu 
260 |a Madrid  |b Universidad Autónoma de Madrid  |c 2000 
650 0 |a Compraventa  |9 255413 
650 0 |a Deudor y acreedor  |9 256643 
650 7 |a EJECUCION  |2 CL-VaPUC  |9 258070 
650 7 |a MORA  |2 CL-VaPUC  |9 259692 
583 |a last modification  |c 20010105 00:00:00  |k Rodrigo Vera 
999 |c 293306  |d 293304 
952 |0 0  |1 0  |4 0  |6 340_540000000000000_PER_2000  |7 0  |8 DER_ROM  |9 344765  |a BIBDER  |b BIBDER  |d 2019-11-20  |i 3670031  |o 340.54 PER 2000  |p 3670031  |r 2023-01-25  |w 2019-11-20  |x Ubicación 4to piso  |y BK  |z Este recurso debe solicitarse con anticipación  |k DER 
952 |0 0  |1 0  |4 0  |6 340_540000000000000_PER_2000  |7 0  |8 A  |9 344766  |a BIBDER  |b BIBDER  |d 2019-11-20  |i 367004K  |o 340.54 PER 2000  |p 367004K  |r 2023-01-25  |w 2019-11-20  |y BK  |k DER